| 000 | 01236cam a2200385 a 4500 | ||
|---|---|---|---|
| 999 |
_c7530 _d7530 |
||
| 001 | 991012849179706706 | ||
| 003 | OSt | ||
| 005 | 20211213105843.0 | ||
| 008 | 020625s2001 sp ah || 001 |aspa|c | ||
| 017 |
_aDL Na 2510-2001 _bOficina DL Navarra |
||
| 020 | _a2914743009 | ||
| 035 | _a(ES-BaCBU)b28126798-34csuc_network | ||
| 035 | _a(ES-BaCBU).b28126798 | ||
| 035 | _a(ccuc001)b28126798 | ||
| 035 | _a(OCoLC)807351710 | ||
| 040 |
_aES-BaCBU _bcat _cCDMR _dES-BaBC |
||
| 043 |
_ae-sp--- _be-spb-- _2catmarc |
||
| 080 |
_a070Rei, Pepe _22004 |
||
| 080 |
_a929Rei, Pepe _22004 |
||
| 090 |
_aPN5316.R45 _bA3 2001 |
||
| 100 | 1 | _aRei, Pepe. | |
| 245 | 1 | 3 |
_aEl Periodista canalla / _cPepe Rei |
| 260 |
_a[S.l.] : _bMiatzen SARL, _c2001 |
||
| 300 |
_a399 p. : _bil., facsím ; _c22 cm |
||
| 490 | 0 |
_aKalegorria liburuak ; _v1 |
|
| 504 | _aÍndex p. 379-399 | ||
| 600 | 1 | 7 |
_aRei, Pepe. _2lemac |
| 610 | 1 | 0 |
_aETA (Organització) _2cantic _94232 |
| 650 | 0 |
_aTerrorisme i mitjans de comunicació de massa _2thub _91994 |
|
| 650 | 7 |
_aPeriodistes _zPaís Basc _xBiografia. _2lemac |
|
| 907 |
_a.b28126798 _b22-06-21 _c08-05-08 _d06-11-19 _em _fa _g- _hspa _isp _j3 _k1 |
||
| 908 |
_aUB _aURL _aUAB _aUPF _aBC |
||
| 940 | _aBC | ||
| 942 |
_2udc _cMON |
||